[Event "119th Scottish Championship"]
[Site "Glasgow"]
[Date "2012.07.12"]
[Round "6"]
[White "Kelly, J Steven"]
[Black "Findlay, James"]
[Result "1/2-1/2"]
[WhiteElo "1889"]
[BlackElo "1746"]
[PlyCount "71"]
[EventDate "2012.07.07"]
[EventType "swiss"]
[EventRounds "9"]
[EventCountry "SCO"]
[Source "Chess Scotland"]
[SourceDate "2012.07.24"]

1. d4 Nf6 2. Nf3 g6 3. Bf4 Bg7 4. e3 O-O 5. Nbd2 d6 6. c4 Nh5 7. Bg5 h6 8. Bh4
c5 9. Be2 Nf6 10. h3 Nc6 11. Bg3 cxd4 12. Nxd4 Nxd4 13. exd4 Qb6 14. Nb3 Ne4
15. Bf4 e5 16. Be3 exd4 17. Bxd4 Qb4+ 18. Kf1 Bxd4 19. Qxd4 Re8 20. Bf3 Ng5 21.
Bd5 Be6 22. h4 Bxd5 23. cxd5 Qxd4 24. Nxd4 Ne4 25. Rh3 a6 26. Rd1 Nf6 27. Rb3
Re7 28. Nc2 Rae8 29. Rb6 Ne4 30. Rd3 Nxf2 31. Kxf2 Re2+ 32. Kf3 Rxc2 33. Rxb7
Ree2 34. Ra3 Rf2+ 35. Ke3 Rfe2+ 36. Kf3 1/2-1/2

[Event "119th Scottish Championship"]
[Site "Glasgow"]
[Date "2012.07.12"]
[Round "6"]
[White "Kleboe, Jim PR"]
[Black "Lees, Fraser A"]
[Result "1-0"]
[WhiteElo "1866"]
[BlackElo "1648"]
[PlyCount "83"]
[EventDate "2012.07.07"]
[EventType "swiss"]
[EventRounds "9"]
[EventCountry "SCO"]
[Source "Chess Scotland"]
[SourceDate "2012.07.24"]

1. d4 g6 2. e4 Bg7 3. f4 e6 4. Nf3 d5 5. e5 c5 6. c3 Qb6 7. Qc2 Nc6 8. Be3 cxd4
9. Nxd4 Nxd4 10. Bxd4 Qc7 11. Na3 Bd7 12. Nb5 Bxb5 13. Bxb5+ Ke7 14. Qf2 b6 15.
O-O Qb7 16. a4 a6 17. Bd3 Nh6 18. g4 Kd7 19. h3 Rab8 20. Ra3 Rhc8 21. Qe2 a5
22. Rb3 Qc7 23. Qe3 Bf8 24. Bb5+ Kd8 25. f5 gxf5 26. g5 f4 27. Rxf4 Nf5 28.
Rxf5 exf5 29. Qf4 Ke7 30. Qxf5 Bg7 31. h4 h5 32. gxh6 Bh8 33. h7 Kf8 34. c4 Re8
35. Bxe8 Rxe8 36. Rg3 Qxc4 37. Rg8+ Ke7 38. Qg5+ Kd7 39. e6+ Rxe6 40. Qd8+ Kc6
41. Qxb6+ Kd7 42. Qd8+ 1-0

[Event "119th Scottish Championship"]
[Site "Glasgow"]
[Date "2012.07.12"]
[Round "6"]
[White "Durno, Joy"]
[Black "McGeoch, Kenny R"]
[Result "1/2-1/2"]
[WhiteElo "1729"]
[BlackElo "1846"]
[PlyCount "92"]
[EventDate "2012.07.07"]
[EventType "swiss"]
[EventRounds "9"]
[EventCountry "SCO"]
[Source "Chess Scotland"]
[SourceDate "2012.07.24"]

1. d4 d5 2. c4 c6 3. Nf3 Nf6 4. e3 Bg4 5. Qb3 Qb6 6. Ne5 Bf5 7. cxd5 Qxb3 8.
axb3 Nxd5 9. Bd3 Be6 10. Bd2 Nd7 11. Nc4 N5f6 12. e4 Bxc4 13. bxc4 e5 14. Bc3
exd4 15. Bxd4 Bb4+ 16. Ke2 c5 17. Bc3 O-O 18. f3 Rfe8 19. Kf2 a6 20. Rd1 Rad8
21. Be2 Nb8 22. Rxd8 Rxd8 23. Bxf6 gxf6 24. Ke3 Nc6 25. Nc3 Bxc3 26. bxc3 Kg7
27. Rb1 Rd7 28. f4 Re7 29. g4 h6 30. Rd1 Kf8 31. Rd5 b6 32. Rd6 Re6 33. Rd7 Re7
34. Rd5 Rc7 35. Bd3 Re7 36. Bc2 Na5 37. Kd3 Kg7 38. Rd6 Re6 39. Rd5 Re7 40. Ba4
Nxc4 41. Kxc4 Rxe4+ 42. Kb3 b5 43. Bxb5 axb5 44. Rxc5 Rxf4 45. Rxb5 Rxg4 46.
Rb4 f5 1/2-1/2

[Event "119th Scottish Championship"]
[Site "Glasgow"]
[Date "2012.07.12"]
[Round "6"]
[White "Sigurdsson, Birkir Karl"]
[Black "McLatchie, J."]
[Result "1/2-1/2"]
[WhiteElo "1709"]
[BlackElo "1875"]
[PlyCount "40"]
[EventDate "2012.07.07"]
[EventType "swiss"]
[EventRounds "9"]
[EventCountry "SCO"]
[Source "Chess Scotland"]
[SourceDate "2012.07.24"]

1. d4 Nf6 2. c4 e6 3. Nc3 Bb4 4. e3 c5 5. Bd3 cxd4 6. exd4 d5 7. Nge2 O-O 8.
O-O b6 9. Bg5 Be7 10. Rc1 Bb7 11. a3 dxc4 12. Bxc4 Nbd7 13. Qd3 Ne8 14. Bd2 Nc7
15. Rfd1 Nf6 16. f3 Ncd5 17. Nxd5 Nxd5 18. Nc3 Nxc3 19. Bxc3 Bg5 20. Rc2 Rc8
1/2-1/2

[Event "119th Scottish Championship"]
[Site "Glasgow"]
[Date "2012.07.12"]
[Round "6"]
[White "Smith, Stephen H"]
[Black "Zamvar, Vipin"]
[Result "1-0"]
[WhiteElo "1805"]
[BlackElo "1676"]
[PlyCount "61"]
[EventDate "2012.07.07"]
[EventType "swiss"]
[EventRounds "9"]
[EventCountry "SCO"]
[Source "Chess Scotland"]
[SourceDate "2012.07.24"]

1. e4 e5 2. f4 exf4 3. Nf3 g5 4. h4 g4 5. Ne5 Qe7 6. d4 d5 7. Be2 dxe4 8. Bxf4
Qb4+ 9. Nc3 Be6 10. O-O h5 11. Nxe4 f6 12. Ng6 Rh7 13. Nxf8 Qxf8 14. Nc5 Bd5
15. c4 Bc6 16. Ne6 Qb4 17. Nxc7+ Kd8 18. Nxa8 b5 19. Bxb8 Bxa8 20. Qb3 Qd2 21.
Qd3 Qxd3 22. Bxd3 Rd7 23. cxb5 Rxd4 24. Rad1 Ke7 25. Bxa7 Ra4 26. Bc5+ Kf7 27.
Bc2 Ra5 28. Bb3+ Kg7 29. Bxg8 Kxg8 30. Rxf6 Rxa2 31. Ra6 1-0

[Event "119th Scottish Championship"]
[Site "Glasgow"]
[Date "2012.07.12"]
[Round "6"]
[White "Floros, Antonios"]
[Black "Mirza, Diana"]
[Result "1-0"]
[WhiteElo "1780"]
[BlackElo "1668"]
[PlyCount "99"]
[EventDate "2012.07.07"]
[EventType "swiss"]
[EventRounds "9"]
[EventCountry "SCO"]
[Source "Chess Scotland"]
[SourceDate "2012.07.24"]

1. e4 d6 2. d4 Nf6 3. Nc3 g6 4. Be2 Bg7 5. Be3 O-O 6. h4 e5 7. dxe5 dxe5 8. Nf3
Nc6 9. a3 Bg4 10. Qxd8 Raxd8 11. Bd3 a6 12. Nh2 Be6 13. Na4 Nd7 14. Nf3 b5 15.
Nc5 Nxc5 16. Bxc5 Rfe8 17. h5 Nd4 18. hxg6 Nxf3+ 19. gxf3 fxg6 20. Ke2 Bf8 21.
Bxf8 Rxf8 22. a4 c5 23. Ke3 c4 24. Be2 Ra8 25. c3 Bd7 26. Rhd1 Be6 27. Rd6 Kf7
28. axb5 axb5 29. Rxa8 Rxa8 30. Rb6 Bd7 31. Rb7 Ke7 32. f4 exf4+ 33. Kxf4 Ke8
34. Ke5 Rd8 35. Kf6 Bc6 36. Re7+ Kf8 37. e5 Re8 38. Rxh7 Kg8 39. Rg7+ Kh8 40.
Rxg6 Rf8+ 41. Ke7 Rxf2 42. Bxc4 Be4 43. Rg4 bxc4 44. Rxe4 Rxb2 45. Rxc4 Rb7+
46. Kf6 Rb8 47. e6 Rf8+ 48. Ke7 Ra8 49. Kf7 Ra1 50. Rh4# 1-0

[Event "119th Scottish Championship"]
[Site "Glasgow"]
[Date "2012.07.12"]
[Round "6"]
[White "Brown, Allan D"]
[Black "Deary, Daniel"]
[Result "0-1"]
[WhiteElo "1806"]
[BlackElo "1269"]
[PlyCount "88"]
[EventDate "2012.07.07"]
[EventType "swiss"]
[EventRounds "9"]
[EventCountry "SCO"]
[Source "Chess Scotland"]
[SourceDate "2012.07.24"]

1. d4 Nf6 2. Nf3 d5 3. g3 Bf5 4. Bg2 e6 5. Nbd2 c5 6. O-O Nc6 7. c3 cxd4 8.
Nxd4 Nxd4 9. cxd4 Be7 10. h3 O-O 11. g4 Bg6 12. e3 Re8 13. Re1 Bb4 14. a3 Ba5
15. b4 Bb6 16. Qf3 Rc8 17. Nb3 Nd7 18. Nc5 Nxc5 19. dxc5 Bc7 20. Bb2 b6 21.
cxb6 Bxb6 22. Rac1 Qd7 23. Rxc8 Rxc8 24. Qd1 Rc7 25. Bd4 Bxd4 26. Qxd4 Rc4 27.
Qe5 f6 28. Qg3 e5 29. g5 d4 30. gxf6 gxf6 31. h4 Kf7 32. exd4 Rxd4 33. Qb3+ Kg7
34. b5 Rxh4 35. Rd1 Rd4 36. Rc1 Be4 37. f3 Bd5 38. Qe3 Qxb5 39. Rc7+ Bf7 40.
Rxf7+ Kxf7 41. Qh6 Qb1+ 42. Kh2 Qg6 43. Qc1 Qh5+ 44. Kg1 Qg5 0-1

[Event "119th Scottish Championship"]
[Site "Glasgow"]
[Date "2012.07.12"]
[Round "6"]
[White "Lindner, Daniel"]
[Black "Teterev, Vitaly"]
[Result "0-1"]
[WhiteElo "2198"]
[BlackElo "2530"]
[PlyCount "82"]
[EventDate "2012.07.07"]
[EventType "swiss"]
[EventRounds "9"]
[EventCountry "SCO"]
[Source "Chess Scotland"]
[SourceDate "2012.07.24"]

1. c4 g6 2. g3 Bg7 3. Bg2 Nf6 4. Nc3 O-O 5. e4 c5 6. Nge2 Nc6 7. O-O d6 8. d3
Bg4 9. f3 Bd7 10. Be3 a6 11. d4 cxd4 12. Nxd4 Rc8 13. Nde2 Ne5 14. b3 b5 15.
cxb5 axb5 16. Qd2 b4 17. Nd5 Nxd5 18. exd5 Bb5 19. Rac1 Ra8 20. f4 Ng4 21. Rc2
Nxe3 22. Qxe3 Qd7 23. Rfc1 Qa7 24. Kf2 Rfe8 25. Be4 Bf6 26. Qxa7 Rxa7 27. Ke3
Kg7 28. Rd2 Rea8 29. Rcc2 Ra5 30. Nd4 Bd7 31. Rc7 Bg4 32. Rcc2 Rc5 33. Rxc5
dxc5 34. Ne2 Rc8 35. Bd3 e5 36. Bb5 exf4+ 37. Kxf4 h5 38. h4 Rd8 39. d6 Bxe2
40. Bxe2 Bd4 41. Rxd4 cxd4 0-1

[Event "119th Scottish Championship"]
[Site "Glasgow"]
[Date "2012.07.12"]
[Round "6"]
[White "Arakhamia Grant, Ketevan"]
[Black "Orr, Mark J L"]
[Result "1-0"]
[WhiteElo "2416"]
[BlackElo "2260"]
[PlyCount "97"]
[EventDate "2012.07.07"]
[EventType "swiss"]
[EventRounds "9"]
[EventCountry "SCO"]
[Source "Chess Scotland"]
[SourceDate "2012.07.24"]

1. e4 c5 2. Nf3 Nc6 3. Bb5 Nf6 4. Bxc6 dxc6 5. d3 Bg4 6. Nbd2 g6 7. h3 Bxf3 8.
Nxf3 Bg7 9. O-O O-O 10. Qe2 Ne8 11. Nh2 e5 12. Be3 b6 13. a3 Nc7 14. b4 cxb4
15. axb4 Ne6 16. Ra6 Qc7 17. Rfa1 c5 18. bxc5 Nxc5 19. Bxc5 Qxc5 20. Rxa7 Rxa7
21. Rxa7 b5 22. Ra2 Qc6 23. Ng4 Ra8 24. Rxa8+ Qxa8 25. Ne3 Bf8 26. Nd5 Qa1+ 27.
Kh2 Qb2 28. Qd2 b4 29. Qg5 Qxc2 30. Qxe5 b3 31. Nf6+ Kg7 32. Ne8+ Kg8 33. Nf6+
Kg7 34. Nd7+ Kh6 35. Qf4+ Kg7 36. Qe5+ Kh6 37. Qf4+ Kg7 38. Qf6+ Kh6 39. Qh4+
Kg7 40. Qf6+ Kh6 41. Ne5 Bd6 42. Qxd6 b2 43. Qf8+ Kh5 44. g4+ Kg5 45. Qe7+ Kh6
46. Nxf7+ Kg7 47. Ne5+ Kh6 48. Qf8+ Kg5 49. Nf3# 1-0

[Event "119th Scottish Championship"]
[Site "Glasgow"]
[Date "2012.07.12"]
[Round "6"]
[White "McKenna, Jason P"]
[Black "De Verdier, Michael"]
[Result "0-1"]
[WhiteElo "2115"]
[BlackElo "2352"]
[PlyCount "114"]
[EventDate "2012.07.07"]
[EventType "swiss"]
[EventRounds "9"]
[EventCountry "SCO"]
[Source "Chess Scotland"]
[SourceDate "2012.07.24"]

1. e4 Nf6 2. e5 Nd5 3. d4 d6 4. Nf3 dxe5 5. Nxe5 c6 6. Bc4 Nd7 7. Nxd7 Bxd7 8.
O-O Bf5 9. c3 e6 10. Re1 Be7 11. Bd3 Bg6 12. Qf3 Qc7 13. Nd2 Rd8 14. Nc4 Bxd3
15. Qxd3 O-O 16. Qg3 Qxg3 17. hxg3 Bf6 18. Ne3 b5 19. Nxd5 cxd5 20. b4 Rc8 21.
Bd2 Bd8 22. a4 bxa4 23. Rxa4 Bb6 24. Ra3 Rc6 25. Kf1 Re8 26. Be3 f6 27. Rd1
Rec8 28. Rd3 Kf7 29. Ke2 h5 30. Kd2 g5 31. Ra1 Kg6 32. f3 R6c7 33. Ra3 Rh7 34.
Ra1 h4 35. g4 h3 36. g3 a5 37. bxa5 Bxa5 38. Kc2 h2 39. Rh1 Rh3 40. Bf2 Bc7 41.
Kd2 Ra8 42. Ke2 Ra2+ 43. Kf1 Bxg3 44. Kg2 Bxf2 45. Kxh3 Bg1 46. Kg3 Rc2 47. Kh3
f5 48. gxf5+ exf5 49. f4 g4+ 50. Kg3 Kh5 51. Rd1 Rxc3+ 52. Kg2 Kh4 53. Rdxg1
Rc2+ 54. Kf1 Rc1+ 55. Kf2 g3+ 56. Rxg3 Rxh1 57. Rg2 Rf1+ 0-1

[Event "119th Scottish Championship"]
[Site "Glasgow"]
[Date "2012.07.12"]
[Round "6"]
[White "Holmes, Donald A"]
[Black "MacQueen, Calum"]
[Result "1-0"]
[WhiteElo "2271"]
[BlackElo "2233"]
[PlyCount "71"]
[EventDate "2012.07.07"]
[EventType "swiss"]
[EventRounds "9"]
[EventCountry "SCO"]
[Source "Chess Scotland"]
[SourceDate "2012.07.24"]

1. d4 Nf6 2. c4 g6 3. f3 Bg7 4. e4 d6 5. Ne2 O-O 6. Bg5 c5 7. d5 b5 8. cxb5 a6
9. Nec3 e6 10. Qd2 h6 11. Bxh6 Nxe4 12. Nxe4 Qh4+ 13. g3 Qxh6 14. Qxh6 Bxh6 15.
Nbc3 Bg7 16. Nxd6 exd5 17. Nxd5 Be6 18. Nc7 Bxb2 19. Rd1 Nd7 20. Nxa8 Rxa8 21.
bxa6 Ne5 22. f4 Bc3+ 23. Kf2 Ng4+ 24. Kf3 Nf6 25. Bc4 Bxc4 26. Nxc4 Rxa6 27.
Rd8+ Kg7 28. Rc1 Bd4 29. Rc2 Ng8 30. Re2 Ra4 31. Rc2 Ne7 32. Rd7 Kf6 33. Rd6+
Kg7 34. Rd7 Kf6 35. g4 Ke6 36. Rd6# 1-0

[Event "119th Scottish Championship"]
[Site "Glasgow"]
[Date "2012.07.12"]
[Round "6"]
[White "Enchev, Ivajlo"]
[Black "Mitchell, Martin"]
[Result "1/2-1/2"]
[WhiteElo "2413"]
[BlackElo "2217"]
[PlyCount "149"]
[EventDate "2012.07.07"]
[EventType "swiss"]
[EventRounds "9"]
[EventCountry "SCO"]
[Source "Chess Scotland"]
[SourceDate "2012.07.24"]

1. d4 Nf6 2. c4 e6 3. g3 d5 4. Nf3 Be7 5. Bg2 O-O 6. O-O dxc4 7. Qc2 a6 8. a4
Bd7 9. Qxc4 Bc6 10. Bg5 a5 11. Nc3 Na6 12. Rfd1 Nb4 13. Bxf6 Bxf6 14. e4 b6 15.
Rac1 Rc8 16. d5 exd5 17. exd5 Bd7 18. Nd4 Bxd4 19. Qxd4 Na6 20. d6 Nc5 21. dxc7
Qxc7 22. Qd6 Nb3 23. Rc2 Bxa4 24. Be4 Qxd6 25. Rxd6 Nc5 26. Nxa4 Nxe4 27. Rxc8
Rxc8 28. Rxb6 g6 29. Rb5 Rc1+ 30. Kg2 Rc2 31. Rxa5 Rxf2+ 32. Kg1 Rc2 33. b4 Nd2
34. b5 Nf3+ 35. Kf1 Nxh2+ 36. Ke1 Nf3+ 37. Kd1 Rd2+ 38. Kc1 Rd8 39. b6 Nd4 40.
Ra7 Nb5 41. Re7 Kf8 42. Re5 Nd6 43. Rc5 Ke7 44. Kc2 f5 45. Rc6 Nb5 46. Kb2 Kd7
47. Rc5 Nd6 48. Rc7+ Ke6 49. Kb3 h5 50. Kb4 g5 51. Rh7 f4 52. gxf4 gxf4 53.
Rxh5 f3 54. Nc5+ Ke7 55. Re5+ Kf7 56. Re3 Rb8 57. Rxf3+ Ke7 58. Re3+ Kf7 59.
Nd7 Rb7 60. Ne5+ Kg7 61. Kc5 Nc8 62. Nc4 Nxb6 63. Nxb6 Rc7+ 64. Kd5 Kf6 65. Nc4
Ra7 66. Rf3+ Kg5 67. Ke5 Kg4 68. Rf4+ Kg5 69. Rf8 Re7+ 70. Kd4 Re1 71. Ne5 Rd1+
72. Ke4 Re1+ 73. Kd5 Ra1 74. Nf3+ Kg4 75. Ne5+ 1/2-1/2

[Event "119th Scottish Championship"]
[Site "Glasgow"]
[Date "2012.07.12"]
[Round "6"]
[White "Noordhoek, Henk"]
[Black "Dunnington, Angus J"]
[Result "0-1"]
[WhiteElo "2095"]
[BlackElo "2386"]
[PlyCount "62"]
[EventDate "2012.07.07"]
[EventType "swiss"]
[EventRounds "9"]
[EventCountry "SCO"]
[Source "Chess Scotland"]
[SourceDate "2012.07.24"]

1. e4 g6 2. d4 d6 3. Nc3 a6 4. Nf3 Bg7 5. Be3 Nd7 6. Qd2 b5 7. a4 b4 8. Ne2 a5
9. c3 Nb6 10. Ng3 bxc3 11. bxc3 Bd7 12. Qc2 Nf6 13. Bd3 O-O 14. h4 h5 15. e5
Ng4 16. Bd2 dxe5 17. Nxe5 Nxe5 18. dxe5 Bxa4 19. Rxa4 Nxa4 20. Bxg6 fxg6 21.
Qxg6 Qe8 22. Qg5 Ra6 23. Nf5 Rxf5 24. Qxf5 Qg6 25. Qc8+ Kh7 26. Rh3 Nb2 27. Rg3
Qb1+ 28. Ke2 Qd1+ 29. Ke3 Nc4+ 30. Kd4 Qxd2+ 31. Kxc4 Rc6+ 0-1

[Event "119th Scottish Championship"]
[Site "Glasgow"]
[Date "2012.07.12"]
[Round "6"]
[White "McKay, Roderick M"]
[Black "Mitchell, Robert"]
[Result "1-0"]
[WhiteElo "2376"]
[BlackElo "2125"]
[PlyCount "87"]
[EventDate "2012.07.07"]
[EventType "swiss"]
[EventRounds "9"]
[EventCountry "SCO"]
[Source "Chess Scotland"]
[SourceDate "2012.07.24"]

1. e4 c5 2. Nf3 e6 3. d4 cxd4 4. Nxd4 Nf6 5. Nc3 d6 6. g4 h6 7. h4 Nc6 8. Rg1
d5 9. Bb5 Bd7 10. exd5 Nxd5 11. Nxd5 exd5 12. Qe2+ Be7 13. Be3 Nxd4 14. Bxd7+
Qxd7 15. Bxd4 O-O 16. O-O-O Rfe8 17. f4 Bxh4 18. Qf3 g5 19. Be5 gxf4 20. Bxf4
Qa4 21. g5 Rac8 22. c3 Qe4 23. gxh6+ Kh8 24. Rdf1 d4 25. Bd2 Qxf3 26. Rxf3 f6
27. Kd1 Bg5 28. cxd4 Bxd2 29. Kxd2 Re4 30. Kd3 Rh4 31. Rgf1 Rd8 32. Rf4 Rxh6
33. Rxf6 Rh3+ 34. R1f3 Rh2 35. Rf2 Rh3+ 36. R2f3 Rh1 37. Rf8+ Rxf8 38. Rxf8+
Kg7 39. Rb8 Rd1+ 40. Kc2 Rxd4 41. Rxb7+ Kf6 42. Rxa7 Ke5 43. Rc7 Kd6 44. Rc3
1-0

[Event "119th Scottish Championship"]
[Site "Glasgow"]
[Date "2012.07.12"]
[Round "6"]
[White "Bryson, Douglas M"]
[Black "McGowan, Daniel"]
[Result "1-0"]
[WhiteElo "2350"]
[BlackElo "2101"]
[PlyCount "51"]
[EventDate "2012.07.07"]
[EventType "swiss"]
[EventRounds "9"]
[EventCountry "SCO"]
[Source "Chess Scotland"]
[SourceDate "2012.07.24"]

1. e4 e6 2. d4 d5 3. Nc3 Nf6 4. Bg5 dxe4 5. Nxe4 Be7 6. Bxf6 gxf6 7. Nf3 f5 8.
Nc3 a6 9. g3 b5 10. Bg2 Bb7 11. O-O Nd7 12. d5 O-O 13. dxe6 fxe6 14. Nd4 Bxg2
15. Nxe6 Qc8 16. Kxg2 Rf6 17. Nxc7 Qxc7 18. Qd5+ Kg7 19. Qxa8 Nb6 20. Qf3 b4
21. Nd5 Nxd5 22. Qxd5 f4 23. Rae1 f3+ 24. Kh1 Bc5 25. Re6 Qf7 26. Qg5+ 1-0

[Event "119th Scottish Championship"]
[Site "Glasgow"]
[Date "2012.07.12"]
[Round "6"]
[White "Gormally, Daniel"]
[Black "Barnaure, Vlad Victor"]
[Result "1/2-1/2"]
[WhiteElo "2505"]
[BlackElo "2511"]
[PlyCount "154"]
[EventDate "2012.07.07"]
[EventType "swiss"]
[EventRounds "9"]
[EventCountry "SCO"]
[Source "Chess Scotland"]
[SourceDate "2012.07.24"]

1. e4 Nf6 2. e5 Nd5 3. d4 d6 4. Nf3 g6 5. Bc4 Nb6 6. Bb3 Bg7 7. Ng5 d5 8. f4
O-O 9. O-O f6 10. Nf3 Nc6 11. c3 Bf5 12. Nh4 e6 13. Nxf5 exf5 14. Nd2 fxe5 15.
fxe5 Qd7 16. Nf3 Nd8 17. Ng5 Ne6 18. Qf3 Rae8 19. Qh3 Nxg5 20. Bxg5 c6 21. Rae1
Nc4 22. Bc1 Qe6 23. Qh4 Rf7 24. Bd1 c5 25. b3 Na5 26. g4 cxd4 27. cxd4 Qb6 28.
Be3 f4 29. Bf3 Rd7 30. Bf2 Nc6 31. Rd1 Nd8 32. Qh3 Ne6 33. Qg2 Qd8 34. h4 g5
35. h5 Bf8 36. Rc1 Qa5 37. Rc2 Red8 38. Rd1 Bb4 39. Qf1 a6 40. a4 Qb6 41. Qd3
Rf8 42. Ra1 Qa5 43. Rac1 Rdd8 44. Kh2 Qb6 45. Be2 Qa5 46. Rd1 Rf7 47. Qf3 Rc7
48. Bd3 Rdc8 49. Rxc7 Rxc7 50. Bf5 Nf8 51. Qh1 Kf7 52. Rc1 Rc3 53. Rxc3 Bxc3
54. b4 Bxb4 55. Bc8 Ke7 56. Bxb7 Qxa4 57. Bxd5 Qc2 58. Qg2 Qb2 59. Bg1 Bc3 60.
Qxb2 Bxb2 61. Bc4 a5 62. Kg2 Ne6 63. d5 Nd4 64. Bf2 Bc3 65. h6 a4 66. d6+ Kd7
67. Bxd4 Bxd4 68. Bb5+ Ke6 69. Bxa4 Bxe5 70. d7 Bc7 71. Kf3 Bd8 72. Ke4 Kf6 73.
Kd5 Kg6 74. Ke6 f3 75. Bc2+ Kxh6 76. Kf7 f2 77. Bd3 Ba5 1/2-1/2

[Event "119th Scottish Championship"]
[Site "Glasgow"]
[Date "2012.07.12"]
[Round "6"]
[White "Bejtovic, Jasmin"]
[Black "Aagaard, Jacob"]
[Result "1/2-1/2"]
[WhiteElo "2385"]
[BlackElo "2506"]
[PlyCount "42"]
[EventDate "2012.07.07"]
[EventType "swiss"]
[EventRounds "9"]
[EventCountry "SCO"]
[Source "Chess Scotland"]
[SourceDate "2012.07.24"]

1. c4 e6 2. Nf3 d5 3. d4 Nf6 4. g3 dxc4 5. Bg2 Nc6 6. O-O Rb8 7. a4 a6 8. Nc3
Bb4 9. Qc2 Nxd4 10. Nxd4 Qxd4 11. Rd1 Qc5 12. Ne4 Nxe4 13. Bxe4 Qe7 14. Qxc4
Bd6 15. b4 O-O 16. b5 axb5 17. axb5 b6 18. Ra7 e5 19. Qc2 Rd8 20. Bxh7+ Kf8 21.
Be4 Kg8 1/2-1/2

[Event "119th Scottish Championship"]
[Site "Glasgow"]
[Date "2012.07.13"]
[Round "7"]
[White "Cooksey, Paul S"]
[Black "McKenna, Jason P"]
[Result "1-0"]
[WhiteElo "2298"]
[BlackElo "2115"]
[PlyCount "77"]
[EventDate "2012.07.07"]
[EventType "swiss"]
[EventRounds "9"]
[EventCountry "SCO"]
[Source "Chess Scotland"]
[SourceDate "2012.07.24"]

1. d4 g6 2. c4 Bg7 3. Nf3 Nf6 4. g3 O-O 5. Bg2 d6 6. Nc3 c6 7. O-O Nbd7 8. Qc2
e5 9. Rd1 Qc7 10. h3 Re8 11. e4 exd4 12. Nxd4 a5 13. Bf4 Ne5 14. b3 Nfd7 15.
Rac1 Nc5 16. Be3 Qe7 17. f4 Bh6 18. Bf2 Ned7 19. Re1 Na6 20. Rcd1 Nb4 21. Qb1
Bg7 22. Kh2 Nc5 23. a3 Nba6 24. b4 axb4 25. axb4 Ne6 26. Nde2 Nec7 27. b5 Nb8
28. Qd3 Ra3 29. Nd5 cxd5 30. Qxa3 dxc4 31. b6 Nca6 32. e5 Bf8 33. exd6 Qd8 34.
Nc3 Rxe1 35. Rxe1 Be6 36. Ne4 Nc6 37. Ng5 Bxd6 38. Nxe6 Bxa3 39. Nxd8 1-0

[Event "119th Scottish Championship"]
[Site "Glasgow"]
[Date "2012.07.13"]
[Round "7"]
[White "Giulian, Philip M"]
[Black "Vincenti, David"]
[Result "1/2-1/2"]
[WhiteElo "2285"]
[BlackElo "2091"]
[PlyCount "59"]
[EventDate "2012.07.07"]
[EventType "swiss"]
[EventRounds "9"]
[EventCountry "SCO"]
[Source "Chess Scotland"]
[SourceDate "2012.07.24"]

1. c4 e6 2. g3 f5 3. Bg2 Nf6 4. Nf3 d5 5. d4 c6 6. O-O Bd6 7. b3 Qe7 8. Ne5 O-O
9. Nd2 Nbd7 10. Ndf3 a5 11. Bg5 Qe8 12. Bf4 Ne4 13. Nxd7 Bxd7 14. Bxd6 Nxd6 15.
Ne5 f4 16. c5 Nc8 17. e3 fxe3 18. fxe3 Rxf1+ 19. Qxf1 Ne7 20. Qf4 Nf5 21. Rf1
Qe7 22. Bh3 Nh6 23. g4 Be8 24. g5 Nf7 25. Nxf7 Bxf7 26. Qe5 Re8 27. Bg4 Bg6 28.
Rf2 Be4 29. h4 g6 30. Kh2 1/2-1/2

[Event "119th Scottish Championship"]
[Site "Glasgow"]
[Date "2012.07.13"]
[Round "7"]
[White "Orr, Mark J L"]
[Black "Rysbaeva, Korlan"]
[Result "0-1"]
[WhiteElo "2260"]
[BlackElo "2057"]
[PlyCount "110"]
[EventDate "2012.07.07"]
[EventType "swiss"]
[EventRounds "9"]
[EventCountry "SCO"]
[Source "Chess Scotland"]
[SourceDate "2012.07.24"]

1. c4 c5 2. Nc3 Nf6 3. Nf3 d5 4. cxd5 Nxd5 5. g3 Nc6 6. Bg2 Nc7 7. d3 e5 8. O-O
Be7 9. Nd2 O-O 10. Bxc6 bxc6 11. Nc4 g6 12. Qa4 Bh3 13. Re1 Qd7 14. Be3 Nb5 15.
f3 Nd4 16. Ne4 Rab8 17. Qd1 Qe6 18. Nf2 h5 19. Bd2 Bf5 20. e3 Bxd3 21. Nxd3
Qxc4 22. Nf2 Nf5 23. b3 Qe6 24. Rc1 Rfd8 25. Qe2 Rb5 26. Ne4 Nh6 27. Rc2 f5 28.
Nc3 Rb7 29. Na4 Rbd7 30. Ba5 Rc8 31. Qc4 Qd5 32. Rec1 e4 33. fxe4 fxe4 34. Nxc5
Qxc4 35. Rxc4 Rd5 36. Be1 Bg5 37. Nxe4 Bxe3+ 38. Bf2 Bxc1 39. Rxc1 a5 40. Rc4
Ng4 41. Bb6 Rd1+ 42. Kg2 Re1 43. h3 Ne3+ 44. Bxe3 Rxe3 45. Kf2 Rd3 46. Ke2 Rd5
47. h4 Kf7 48. Nc3 Re5+ 49. Kd3 Ke6 50. g4 Rd8+ 51. Kc2 c5 52. Nb5 Rb8 53. a4
Rf8 54. Kb2 Rf2+ 55. Ka3 Re1 0-1

[Event "119th Scottish Championship"]
[Site "Glasgow"]
[Date "2012.07.13"]
[Round "7"]
[White "Isherwood, Paul"]
[Black "Berry, Neil"]
[Result "0-1"]
[WhiteElo "2024"]
[BlackElo "2254"]
[PlyCount "60"]
[EventDate "2012.07.07"]
[EventType "swiss"]
[EventRounds "9"]
[EventCountry "SCO"]
[Source "Chess Scotland"]
[SourceDate "2012.07.24"]

1. e4 d6 2. d4 Nf6 3. Nd2 e5 4. c3 g6 5. Bd3 Bg7 6. Ngf3 Nbd7 7. O-O O-O 8.
dxe5 dxe5 9. Nc4 Re8 10. b4 b6 11. Re1 Bb7 12. a4 a6 13. Bg5 h6 14. Bh4 g5 15.
Bg3 Nh5 16. Ne3 Nf4 17. Nf5 Nf8 18. Nxg7 Kxg7 19. Bxf4 gxf4 20. Qb3 Qf6 21. Bc4
Rad8 22. Qc2 Nh7 23. h4 Bc8 24. Rad1 Bg4 25. Rxd8 Rxd8 26. Nh2 Qxh4 27. Bxa6
Ng5 28. Rf1 Kh7 29. Qa2 Rg8 30. Kh1 Nf3 0-1

[Event "119th Scottish Championship"]
[Site "Glasgow"]
[Date "2012.07.13"]
[Round "7"]
[White "Mitchell, Martin"]
[Black "O'Donnell, Conor"]
[Result "1-0"]
[WhiteElo "2217"]
[BlackElo "1939"]
[PlyCount "47"]
[EventDate "2012.07.07"]
[EventType "swiss"]
[EventRounds "9"]
[EventCountry "SCO"]
[Source "Chess Scotland"]
[SourceDate "2012.07.24"]

1. d4 Nf6 2. c4 e6 3. Nc3 Bb4 4. Nf3 c5 5. g3 cxd4 6. Nxd4 Ne4 7. Qd3 Bxc3+ 8.
bxc3 Nc5 9. Qf3 O-O 10. Bg2 d6 11. O-O Nbd7 12. Rd1 Ne5 13. Qf4 a6 14. Nb3 Qc7
15. Qd4 Na4 16. c5 Nxc5 17. Qxd6 Qxd6 18. Rxd6 Na4 19. f4 Nd7 20. Ba3 Rd8 21.
Bb4 Rb8 22. Rad1 b5 23. Ba5 Re8 24. Bc6 1-0

[Event "119th Scottish Championship"]
[Site "Glasgow"]
[Date "2012.07.13"]
[Round "7"]
[White "McClement, Andrew"]
[Black "Lindner, Daniel"]
[Result "1/2-1/2"]
[WhiteElo "2075"]
[BlackElo "2198"]
[PlyCount "31"]
[EventDate "2012.07.07"]
[EventType "swiss"]
[EventRounds "9"]
[EventCountry "SCO"]
[Source "Chess Scotland"]
[SourceDate "2012.07.24"]

1. e4 c5 2. Nf3 d6 3. d4 cxd4 4. Nxd4 Nf6 5. Nc3 g6 6. Be3 a6 7. f3 b5 8. Qd2
Bb7 9. a4 e5 10. Nb3 b4 11. Nd5 Nxd5 12. exd5 Nd7 13. O-O-O Rb8 14. Ba7 Ra8 15.
Be3 Rb8 16. Ba7 1/2-1/2